| 000 | 00469nam a22001337a 4500 | ||
|---|---|---|---|
| 040 | _cNUST | ||
| 082 | _a220 PRO | ||
| 100 |
_aNS Syed Afraz Shah NS Abdul Moeez Hassan NS Amna Ahmed NS Abdul Aleem Abbasi _9124278 |
||
| 110 |
_aDR. Ali Hassan DR. Shoab Ahmed Khan _9124279 |
||
| 245 | _aPR-SOF-2365-NFT Based Gemstone Trading And Tracking Platform of Pakistan | ||
| 260 |
_aISLAMABAD: _bNUST COLLEGE OF EME, _c2024. |
||
| 650 |
_aDE-COMP-42 _9124276 |
||
| 942 |
_2ddc _cPR |
||
| 999 |
_c610183 _d610183 |
||